000
00282nam a2200121Ia 4500
008
191201s2015 xx 000 0 und d
100
_a
SAHOO,Prasanta
245
0
_a
Engineering Tribology
260
_a
N. delhi
_b
Phi
_c
2015
300
_a
322
650
_a
B.Tech(ME)
942
_2
ddc
_c
BK
999
_c
6302
_d
6302